Report Ed by Lrving H Siegel (Record no. 695810)

MARC details
000 -LEADER
fixed length control field 00830nam a2200265Ia 4500
003 - CONTROL NUMBER IDENTIFIER
control field OSt
005 - DATE AND TIME OF LATEST TRANSACTION
control field 20220927110348.0
008 - FIXED-LENGTH DATA ELEMENTS--GENERAL INFORMATION
fixed length control field 220926b |||||||| |||| 00| 0 eng d
037 ## - SOURCE OF ACQUISITION
Terms of availability Reports
040 ## - CATALOGING SOURCE
Original cataloging agency RTL
Transcribing agency RTL
Language of cataloging eng
041 ## - LANGUAGE CODE
Source of code eng
Language code of text/sound track or separate title eng
110 ## - MAIN ENTRY--CORPORATE NAME
Corporate name or jurisdiction name as entry element Conference on Manpower Tomorrow: Prospects and Priorities(1966)
9 (RLIN) 376669
245 #0 - TITLE STATEMENT
Title Report Ed by Lrving H Siegel
260 ## - PUBLICATION, DISTRIBUTION, ETC.
Place of publication, distribution, etc. New
Name of publisher, distributor, etc. York A M Kelley U S A
Date of publication, distribution, etc. 1967
300 ## - PHYSICAL DESCRIPTION
Extent "viii, 219p."
Dimensions cm.
490 ## - SERIES STATEMENT
Series statement W E Upjohn Institute for Employment Research
650 ## - SUBJECT ADDED ENTRY--TOPICAL TERM
Topical term or geographic name entry element Labour Market
9 (RLIN) 351281
700 ## - ADDED ENTRY--PERSONAL NAME
Personal name Conference on Manpower Tomorrow: Prospects and Priorities(1966)
9 (RLIN) 376670
942 ## - ADDED ENTRY ELEMENTS (KOHA)
Classification part "X:991p1, N66, K7"
Koha item type
Holdings
Withdrawn status Lost status Damaged status Not for loan Home library Current library Date acquired Total Checkouts Full call number Barcode Date last seen Price effective from Koha item type
        Ratan Tata Library Ratan Tata Library 2022-09-27   "X:991p1 N66 K7" RT0067200 2022-09-27 2022-09-27  
Copyright @ Delhi University Library System